000 00221 a2200097 4500
001 12828
100 _aJones W.P.
245 _aAir Conditioning Engineering
260 _a
_bButter worth Heinemann
_c
090 _c9809
_d9809
942 _aNUST-CAE
_cM
_c36721
999 _c247901
_d247901